000 00822nam a22002657a 4500
005 20220817041316.0
008 971013s1943 r 00010 d
010 _a10962
011 _a11934
035 _a12657
090 _aFolleto 1906
245 _aPreventing damage to commercial dried fruits by the raisin moth
260 _aWashington :
_bDepartment of Agriculture,
_c1943
300 _a6 p.
490 _aEUA. Dep. Agr. Leaflet
_v; 236
500 _a78-242
590 _aBATCH-UPD
_b10
_c20130110
_lUCH01
_h2041
590 _aCONVERSION
_b10
_c20130109
_lUCH01
_h1307
650 1 4 _aEphestia figulilella.
_937205
650 1 4 _aFruta seca.
_943672
700 0 _aDonohoc, Heber C.
_933969
830 0 _aEUA. Dep. Agr. Leaflet
_v; 236
901 _aBK
949 _aFolleto 1906
_bBC
_cFOLLBD
_d-24754
_eTS1
_i12657
_si
999 _c10962
_d10962